APSC cracker: (Record no. 11979)

MARC details
000 -LEADER
fixed length control field 00811nam a22002777a 4500
005 - DATE AND TIME OF LATEST TRANSACTION
control field 20240921063715.0
008 - FIXED-LENGTH DATA ELEMENTS--GENERAL INFORMATION
fixed length control field 240921b |||||||| |||| 00| 0 eng d
020 ## - INTERNATIONAL STANDARD BOOK NUMBER
International Standard Book Number 9789358890617
040 ## - CATALOGING SOURCE
Original cataloging agency IN-DiNC
Transcribing agency IN-DiNC
041 ## - LANGUAGE CODE
Language code of sung or spoken text English
082 ## - DEWEY DECIMAL CLASSIFICATION NUMBER
Classification number 030
Item number APS
245 ## - TITLE STATEMENT
Title APSC cracker:
Remainder of title general studies & CSAT (paper I & II)/
Statement of responsibility, etc. by Rohit Baruah and others
260 ## - PUBLICATION, DISTRIBUTION, ETC.
Place of publication, distribution, etc. New Delhi:
Name of publisher, distributor, etc. Arihant,
Date of publication, distribution, etc. n.a.
300 ## - PHYSICAL DESCRIPTION
Extent 554p.
650 ## - SUBJECT ADDED ENTRY--TOPICAL TERM
Topical term or geographic name entry element General knowledge
700 ## - ADDED ENTRY--PERSONAL NAME
Personal name Baruah, Rohit
Relator term Author
700 ## - ADDED ENTRY--PERSONAL NAME
Personal name Ranjan, Amibh
Relator term Author
700 ## - ADDED ENTRY--PERSONAL NAME
Personal name Raj, Rohit
Relator term Author
700 ## - ADDED ENTRY--PERSONAL NAME
Personal name Shukla, Tushar
Relator term Author
700 ## - ADDED ENTRY--PERSONAL NAME
Personal name Roshan, Rakesh
Relator term Author
700 ## - ADDED ENTRY--PERSONAL NAME
Personal name Ansari, Mansi and Shana
Relator term Author
700 ## - ADDED ENTRY--PERSONAL NAME
Personal name Raj, Aditya
Relator term Author
700 ## - ADDED ENTRY--PERSONAL NAME
Personal name Bali, Varun
Relator term Author
700 ## - ADDED ENTRY--PERSONAL NAME
Personal name Soni, Mohit
Relator term Author
942 ## - ADDED ENTRY ELEMENTS (KOHA)
Source of classification or shelving scheme Dewey Decimal Classification
Koha item type Books
Holdings
Withdrawn status Lost status Source of classification or shelving scheme Damaged status Not for loan Collection code Home library Current library Shelving location Date acquired Cost, normal purchase price Total Checkouts Full call number Barcode Date last seen Date last checked out Copy number Price effective from Koha item type
    Dewey Decimal Classification     General Collection Central Library, Naharkatiya College Central Library, Naharkatiya College General Stacks 21/09/2024 545.00 2 030 APS 30399 17/02/2026 06/02/2026 1 21/09/2024 Books

Naharkatiya College © 2020. All rights reserved.

Powered By